000
00223nam a22000857a 4500
999
_c
11506
_d
11506
008
190530b ||||| |||| 00| 0 eng d
020
_a
9781576584972
100
_9
7223
_a
BENGE J G
245
_a
ISOBEL KUHN ON THE ROOF OF THE WORLD